[Event "Ch Hungary"]
[Site "Budapest (Hungary)"]
[Round "0"]
[White "Gereben Erno (SUI)"]
[Black "Sandor Bela (HUN)"]
[Result "1-0"]
[WhiteElo "2320"]
[BlackElo "2330"]

1.c4 c5 2.Nf3 Nf6 3.g3 b6 4.Bg2 Bb7 5.O-O g6 6.d3 Bg7 7.Nc3 O-O 8.Bg5 h6 9.Bf4
d6 10.Qc1 Kh7 11.Ng5+ hxg5 12.Bxb7 gxf4 13.Bxa8 Nbd7 14.Bg2 fxg3 15.hxg3 Rh8
16.Bf3 Bh6 17.Qc2 Ne5 18.Kg2 Kg7 19.Rh1 Nfg4 20.Rh4 Bg5 21.Rxg4 Nxg4 22.Bxg4
f5 23.Bf3 e6 24.Qa4 a5 25.Qc6 Bf6 26.Qb7+ Kg8 27.Rh1 g5 28.Rxh8+ Kxh8 29.Bh5
{#r} 1-0

[Event "Ch URS (swiss)"]
[Site "Kharkov (Ukraine)"]
[Round "0"]
[White "Nei Iivo (EST)"]
[Black "Gurgenidze Bukhuti (GEO)"]
[Result "0-1"]
[WhiteElo "2369"]
[BlackElo "2108"]

1.c4 c5 2.Nf3 Nf6 3.Nc3 e6 4.g3 b6 5.Bg2 Bb7 6.O-O Be7 7.d4 cxd4 8.Nxd4 Bxg2
9.Kxg2 Qc8 10.Qd3 Nc6 11.b3 Ne5 12.Qe3 Qb7+ 13.f3 Ng6 14.Rd1 O-O 15.Bb2 h5
16.Qd3 h4 17.e4 Nh5 18.Qe3 Rae8 19.Nde2 f5 20.exf5 exf5 21.Qd2 Qb8 22.Nd5 Bb4
23.Qd3 hxg3 24.hxg3 Rxe2+ 25.Qxe2 Qxg3+ 26.Kf1 Ngf4 27.Nxf4 Nxf4 28.Qf2 Qh3+
29.Kg1 Bc5 30.Bd4 Rf6 {#R} 0-1

[Event "?"]
[Site "Cala Galdana (Spain)"]
[Round "0"]
[White "Keene Raymond D (ENG)"]
[Black "Bellon Lopez Juan Manuel (ESP)"]
[Result "1-0"]
[WhiteElo "2505"]
[BlackElo "2405"]

1.c4 c5 2.b3 Nf6 3.Bb2 d6 4.g3 Nc6 5.Bg2 g6 6.Bxf6 exf6 7.Nc3 h5 8.h4 Bh6
9.Nf3 Bg4 10.Nd5 O-O 11.O-O Re8 12.e3 Ne5 13.d4 cxd4 14.exd4 Nc6 15.Qd3 Bg7
16.Rae1 Qa5 17.Ne3 f5 18.Ng5 f4 19.Bd5 Be6 20.Bxe6 fxe6 21.Qxg6 Re7 22.Nd5
exd5 23.Rxe7 Nxe7 24.Qf7+ Kh8 25.Qxh5+ Kg8 26.Qf7+ Kh8 27.Ne6 Bxd4 28.Nxd4 Qc3
29.Qxf4 Nc6 {#r} 1-0

[Event "Ch Poland"]
[Site "Piotrkow Trybunalski (Poland)"]
[Date "1977.02.15"]
[Round "2"]
[White "Pytel Krzysztof (FRA)"]
[Black "Kostyra Stanislaw (POL)"]
[Result "1-0"]
[WhiteElo "2435"]
[BlackElo "2230"]

1.c4 c5 2.Nf3 Nc6 3.b3 Nf6 4.Bb2 e6 5.g3 Be7 6.Bg2 O-O 7.O-O d6 8.d4 cxd4
9.Nxd4 Bd7 10.Nc3 Qb8 11.e4 a6 12.Re1 Rd8 13.Nxc6 bxc6 14.Na4 e5 15.Qc2 c5
16.Nc3 Bc6 17.Nd5 Nxd5 18.exd5 Be8 19.f4 f6 20.fxe5 fxe5 21.Be4 h6 22.Rf1 Bh5
23.Bg6 Bxg6 24.Qxg6 Bf8 25.Bc1 Ra7 26.Bxh6 Rdd7 27.Rf5 Rf7 28.Raf1 Qe8 29.Be3
Rad7 30.R1f2 {#r} 1-0

[Event "?"]
[Site "Romania"]
[Round "0"]
[White "Stefanov Parik (ROM)"]
[Black "Gheorghiu Florin (ROM)"]
[Result "0-1"]
[WhiteElo "2331"]
[BlackElo "2520"]

1.c4 c5 2.Nf3 Nf6 3.Nc3 e6 4.g3 b6 5.Bg2 Bb7 6.O-O Be7 7.d4 cxd4 8.Qxd4 d6
9.e4 a6 10.Qe3 O-O 11.Nd4 Qc7 12.b3 Nbd7 13.Bb2 Rfe8 14.Kh1 Bf8 15.f4 g6
16.Rae1 Bg7 17.h3 e5 18.Nc2 exf4 19.Qxf4 Nc5 20.Nb4 Nh5 21.Qf2 Qd7 22.Ncd5
Bxd5 23.Bxg7 Nxe4 24.Rxe4 Bxe4 25.g4 Nxg7 26.Bxe4 Rxe4 27.Nd5 Re6 28.Qf3 Rb8
{#R} 0-1

[Event "It"]
[Site "Reggio Emilia (Italy)"]
[Round "0"]
[White "Lengyel Laszlo (HUN)"]
[Black "Chevaldonnet Francois (FRA)"]
[Result "1-0"]
[WhiteElo "2037"]
[BlackElo "2287"]

1.c4 c5 2.Nf3 Nf6 3.g3 g6 4.b3 Bg7 5.Bb2 O-O 6.Bg2 Nc6 7.O-O b6 8.d4 cxd4
9.Nxd4 Bb7 10.Nc3 Qb8 11.Nc2 Na5 12.Nd5 Nxd5 13.Bxg7 Kxg7 14.cxd5 Rc8 15.Qd4+
f6 16.Ne3 Qc7 17.Qa4 a6 18.Bh3 b5 19.Qa3 Qd8 20.Qb4 Rab8 21.Qg4 d6 22.Qd4 Rc7
23.Ng2 Bc8 24.Bxc8 Rcxc8 25.Nf4 Kf7 26.Ne6 Qd7 27.Qd2 Kg8 {#r} 1-0

[Event "?"]
[Site "Romania"]
[Round "0"]
[White "Suba Mihai (ROM)"]
[Black "Stefanov Parik (ROM)"]
[Result "1-0"]
[WhiteElo "2470"]
[BlackElo "2345"]

1.c4 c5 2.g3 d5 3.cxd5 Qxd5 4.Nf3 Nc6 5.Bg2 Bg4 6.h3 Bh5 7.O-O Nf6 8.d3 Qd7
9.Nbd2 Nd5 10.g4 Bg6 11.Nc4 f6 12.d4 Ndb4 13.Be3 Nc2 14.d5 N6b4 15.Bxc5 Rc8
16.Nfe5 fxe5 17.Nxe5 Qb5 18.Bxb4 Nxb4 19.Qb3 Bc2 20.Qf3 Bg6 21.Rfc1 Rd8 22.e4
e6 23.Nxg6 hxg6 24.dxe6 Rd2 25.Rc8+ Ke7 26.Qf7+ {#r} 1-0

[Event "Tournament (2)"]
[Site "Aarhus (Denmark)"]
[Round "1"]
[White "Jacobsen Bo (DEN)"]
[Black "Ejsing Esben (DEN)"]
[Result "1-0"]
[WhiteElo "2285"]
[BlackElo "2194"]

1.c4 c5 2.g3 Nf6 3.Bg2 g6 4.Nc3 Bg7 5.e3 d6 6.Nge2 Nc6 7.O-O h5 8.d4 cxd4
9.exd4 h4 10.Re1 Bg4 11.Bg5 hxg3 12.hxg3 Qd7 13.Qd2 O-O-O 14.Nd5 Rh5 15.Bxf6
exf6 16.b4 Rdh8 17.b5 Qf5 18.Nef4 {#r} 1-0

[Event "Ch Argentina (juniors)"]
[Site "La Falda (Argentina)"]
[Round "5"]
[White "Fulgenzi Ernesto (ARG)"]
[Black "Hoffman Alejandro (ARG)"]
[Result "1-0"]
[WhiteElo "2316"]
[BlackElo "2466"]

1.c4 c5 2.Nf3 b6 3.Nc3 Bb7 4.e4 d6 5.d4 cxd4 6.Nxd4 Nf6 7.Bd3 Nc6 8.Nxc6 Bxc6
9.O-O e6 10.Qe2 Be7 11.Bf4 a6 12.Rfd1 Qc7 13.Bg3 Qb8 14.Nd5 Bd8 15.Bc2 Bb7
16.Bxd6 Qc8 17.Ba4+ Bc6 18.Nc7+ Bxc7 19.Bxc6+ Nd7 20.Bxd7+ Qxd7 21.Ba3 Qc6
22.Qg4 Be5 23.Qg5 Bf6 24.Qg3 e5 25.Rd6 Qxe4 26.Rxf6 {#r} 1-0

[Event "corr."]
[Site "DDR"]
[Round "0"]
[White "Nogueiras Jesus (CUB)"]
[Black "Estevez Guillermo (CUB)"]
[Result "1-0"]
[WhiteElo "2510"]
[BlackElo "2430"]

1.c4 c5 2.Nf3 b6 3.Nc3 Bb7 4.e3 Nf6 5.d4 cxd4 6.exd4 e6 7.Bd3 d5 8.O-O dxc4
9.Bxc4 Be7 10.Bg5 O-O 11.Qe2 Nc6 12.Rad1 Nb4 13.Rfe1 Rc8 14.d5 Rxc4 15.Qxc4
Nbxd5 16.Ne5 Qa8 17.Rd3 Re8 18.Nxd5 Bxd5 19.Qh4 Qb7 20.Rh3 Kf8 21.Bh6 Bd8
22.Bxg7+ Kxg7 23.Qh6+ Kh8 24.Ng4 Rg8 25.Nxf6 Rxg2+ 26.Kf1 Bc4+ 27.Re2 Bxe2+
28.Kxe2 Qa6+ 29.Ke3 {#r} 1-0

[Event "It "]
[Site "New York (USA)"]
[Round "0"]
[White "Haessler Carl (USA)"]
[Black "Heywood Bill (USA)"]
[Result "1-0"]
[WhiteElo "2159"]
[BlackElo "2086"]

1.c4 c5 2.b3 e6 3.Bb2 b6 4.e3 Bb7 5.Nf3 Nf6 6.Be2 Be7 7.O-O O-O 8.d4 cxd4
9.Nxd4 a6 10.Nc3 Qc7 11.Rc1 d6 12.Bf3 Nc6 13.Nd5 exd5 14.cxd5 Rae8 15.Nxc6 Qd7
16.Qd4 b5 17.Rc2 Ra8 18.Rfc1 Ne8 19.Nxe7+ Qxe7 20.Rc7 {#r} 1-0

[Event "Bundesliga (2nd) West 1986/87"]
[Site "Germany"]
[Round "3"]
[White "Budde Vladimir (GER)"]
[Black "Baumhus Reinhard (GER)"]
[Result "0-1"]
[WhiteElo "2345"]
[BlackElo "2322"]

1.c4 c5 2.Nc3 b6 3.Nf3 Bb7 4.e3 e6 5.d4 cxd4 6.exd4 d6 7.Bd3 Nf6 8.O-O Be7
9.Qe2 O-O 10.Rd1 Nbd7 11.Be3 Re8 12.Nd2 a6 13.f3 d5 14.cxd5 Nxd5 15.Nxd5 exd5
16.Nf1 Bd6 17.Qd2 g6 18.Bg5 Be7 19.Bxe7 Qxe7 20.Qf4 Nf8 21.Rd2 Ne6 22.Qe3 Qf6
23.Qe5 Qh4 24.Bc2 Nf4 25.Qc7 Ne2+ 26.Kh1 Qf2 {#R} 0-1

[Event "?"]
[Site "Reggio Emilia (Italy)"]
[Round "0"]
[White "Formanek Edward W (USA)"]
[Black "Tatai Stefano (ITA)"]
[Result "0-1"]
[WhiteElo "2115"]
[BlackElo "2420"]

1.c4 c5 2.Nc3 g6 3.Nf3 Bg7 4.g3 b6 5.Bg2 Bb7 6.O-O Nf6 7.e3 Qc8 8.Qe2 O-O 9.e4
Nc6 10.d3 Ne8 11.Bg5 Nc7 12.Nd5 Qd8 13.Nxc7 Qxc7 14.Rab1 f5 15.Qd2 e5 16.Bh6
f4 17.Bxg7 Kxg7 18.g4 d6 19.h3 h5 20.gxh5 Rh8 21.hxg6 Bc8 22.d4 Bxh3 23.d5 Qc8
{#R} 0-1

[Event "Ch North Germany"]
[Site "Brilon (Germany)"]
[Round "3"]
[White "Keitlinghaus Ludger (GER)"]
[Black "Brueckner Thomas (GER)"]
[Result "0-1"]
[WhiteElo "2489"]
[BlackElo "2375"]

1.c4 c5 2.g3 g6 3.Nc3 Bg7 4.a3 Nc6 5.Rb1 a5 6.Bg2 d6 7.Nf3 e5 8.d3 Nge7 9.O-O
O-O 10.Bg5 f6 11.Bd2 Be6 12.Ne1 d5 13.b3 Rb8 14.Nc2 f5 15.Qc1 b6 16.Nb5 Qd7
17.Bg5 f4 18.gxf4 d4 19.fxe5 Nxe5 20.f4 Ng4 21.Bxe7 Qxe7 22.h3 Nf6 23.e3 Qd7
24.Rf3 Nh5 25.exd4 cxd4 26.Qd2 Rf7 27.Qf2 Rbf8 28.Ncxd4 Nxf4 29.Nxe6 Nxh3+
{#R} 0-1

[Event "It"]
[Site "Budapest (Hungary)"]
[Round "3"]
[White "Hoelzl Franz (AUT)"]
[Black "Vegh Endre (HUN)"]
[Result "1-0"]
[WhiteElo "2327"]
[BlackElo "2259"]

1.c4 c5 2.Nf3 b6 3.g3 g6 4.Bg2 Bb7 5.O-O Bg7 6.Nc3 Nf6 7.d3 O-O 8.e4 d6 9.Nh4
Nc6 10.f4 Nd7 11.Nd5 e6 12.Ne3 Nd4 13.f5 Ne5 14.Ng4 Nxg4 15.Qxg4 exf5 16.exf5
Bxg2 17.Kxg2 Qd7 18.Bd2 Rfe8 19.Rae1 d5 20.fxg6 f5 {#r} 1-0

[Event "It (open)"]
[Site "St. Ingbert (Germany)"]
[Round "3"]
[White "Hell Manfred"]
[Black "Schlamp Frank (GER)"]
[Result "1-0"]
[WhiteElo "2305"]
[BlackElo "2160"]

1.c4 c5 2.Nc3 e6 3.Nf3 Nf6 4.g3 b6 5.Bg2 Bb7 6.O-O Be7 7.b3 O-O 8.Bb2 d5
9.cxd5 exd5 10.d4 Nbd7 11.Rc1 Rc8 12.Bh3 Ne4 13.Nxe4 dxe4 14.Ne5 f5 15.Nxd7
Qxd7 16.dxc5 Qxd1 17.Rfxd1 Bxc5 18.Rd7 {#r} 1-0

[Event "It (cat.7)"]
[Site "Budapest (Hungary)"]
[Round "1"]
[White "Vancsura Zoltan (HUN)"]
[Black "Vegh Endre (HUN)"]
[Result "0-1"]
[WhiteElo "2215"]
[BlackElo "2259"]

1.c4 c5 2.Nf3 b6 3.g3 g6 4.Nc3 Bg7 5.b3 d5 6.cxd5 Nf6 7.Bg2 Bb7 8.O-O Nxd5
9.Bb2 O-O 10.d4 Nxc3 11.Bxc3 Na6 12.Rc1 cxd4 13.Bxd4 Bxf3 14.Bxf3 Qxd4 15.Bxa8
Rxa8 16.Qc2 Nb4 17.Qc7 Nxa2 18.Rfd1 Nxc1 19.Rxd4 Nxe2+ 20.Kg2 Nxd4 21.Qb7 Re8
22.Qxa7 b5 23.Qd7 Kf8 24.b4 e5 25.h4 h5 26.Kh3 Bf6 27.Qd6+ Kg7 28.f3 Rd8 {#R}
0-1

[Event "It (b)"]
[Site "Israel"]
[Round "0"]
[White "Webster Andrew (ENG)"]
[Black "Tozer Richard (ENG)"]
[Result "0-1"]
[WhiteElo "2402"]
[BlackElo "2295"]

1.c4 c5 2.g3 g6 3.Bg2 Bg7 4.e3 Nf6 5.Nc3 O-O 6.Nge2 e6 7.d4 cxd4 8.Nxd4 a6
9.Nde2 Nc6 10.O-O Rb8 11.Qa4 b5 12.cxb5 axb5 13.Nxb5 d5 14.Nbd4 Ne5 15.Rd1 Bd7
16.Qc2 Qb6 17.f4 Rfc8 18.Nc3 Nc4 19.b3 Nd6 20.Bb2 Nc4 21.Bc1 Nd6 22.Qd3 Rc7
23.Ba3 Nf5 24.Rac1 Ng4 25.Nxf5 gxf5 26.Na4 Bxa4 27.Rxc7 Bb5 28.Qc2 Qxe3+ {#R}
0-1

[Event "Ch France"]
[Site "France"]
[Round "0"]
[White "Seret Jean-Luc (FRA)"]
[Black "Adrian Claude (FRA)"]
[Result "0-1"]
[WhiteElo "2380"]
[BlackElo "2250"]

1.c4 c5 2.g3 Nf6 3.Bg2 Nc6 4.Nc3 d6 5.Nf3 a6 6.O-O e6 7.a3 Be7 8.b4 O-O 9.bxc5
dxc5 10.Rb1 Qc7 11.d3 h6 12.Nd2 Rb8 13.Nde4 Nxe4 14.Bxe4 Bd6 15.Bg2 f5 16.Bd2
b6 17.Rb2 Bb7 18.Na4 Ba8 19.Be3 f4 20.Bxf4 Bxf4 21.gxf4 Rxf4 22.e3 Rf6 23.Qb1
Ne5 24.f4 Ng4 25.Bxa8 Rxa8 26.Qe1 Qc6 27.Nc3 Nxe3 28.Rxb6 Rg6+ 29.Kf2 Ng4+
30.Kg3 Nxh2+ {#R} 0-1

[Event "Staatsliga"]
[Site "Austria"]
[Round "0"]
[White "Fauland Alexander (AUT)"]
[Black "Hanel Reinhard (AUT)"]
[Result "1-0"]
[WhiteElo "2450"]
[BlackElo "2241"]

1.c4 c5 2.g3 Nf6 3.Bg2 g6 4.Nc3 Bg7 5.a3 O-O 6.Rb1 Nc6 7.b4 cxb4 8.axb4 d6
9.d3 a6 10.Bd2 e6 11.Nf3 d5 12.b5 axb5 13.cxd5 exd5 14.Nxb5 d4 15.O-O Nd5
16.Qb3 Re8 17.Nfxd4 Nxd4 18.Nxd4 Bxd4 19.Bxd5 Rxe2 20.Be3 Qf6 21.Qc4 Bxe3
22.fxe3 Qe5 23.Bxf7+ Kg7 24.Bd5 Qxe3+ 25.Kh1 h5 26.Bxb7 Bxb7+ 27.Rxb7+ Kh6
28.Qf7 Qxd3 29.Qf4+ g5 30.Rb6+ {#r} 1-0

[Event "Ch Hungary"]
[Site "Budapest (Hungary)"]
[Round "1"]
[White "Horvath Gyula (HUN)"]
[Black "Anka Emil (HUN)"]
[Result "1-0"]
[WhiteElo "2333"]
[BlackElo "2400"]

1.c4 c5 2.Nf3 Nf6 3.g3 d5 4.Bg2 Nc6 5.O-O d4 6.d3 g6 7.e3 Bg7 8.exd4 cxd4 9.a3
a5 10.Re1 Nd7 11.Nbd2 O-O 12.Rb1 a4 13.b4 axb3 14.Nxb3 Re8 15.Ng5 h6 16.Ne4
Qc7 17.f4 Nf6 18.Nxf6+ Bxf6 19.Nc5 Na5 20.Rb5 Ra7 21.Bd2 b6 22.Ne4 Bg7 23.Qb1
Ra6 24.c5 bxc5 25.Nxc5 Ra7 26.Rc1 Nc6 27.Nb3 Bd7 28.Na5 {#r} 1-0

[Event "It (open)"]
[Site "Belfort (France)"]
[Round "7"]
[White "Cerisier Philippe (FRA)"]
[Black "Grooten Herman (NED)"]
[Result "0-1"]
[WhiteElo "2325"]
[BlackElo "2345"]

1.c4 c5 2.Nf3 Nf6 3.Nc3 b6 4.g3 Bb7 5.Bg2 g6 6.O-O Bg7 7.d4 cxd4 8.Qxd4 O-O
9.Qh4 d6 10.Bh6 Nbd7 11.Rfd1 Rc8 12.Bxg7 Kxg7 13.Qd4 a6 14.h4 Kg8 15.Rd2 Nc5
16.Nd5 Nfe4 17.Rc2 e6 18.Ne3 f5 19.b4 e5 20.Qb2 Ne6 21.Rd1 f4 22.Ng4 fxg3
23.fxg3 Nxg3 24.Ngxe5 Nf4 25.Ng4 h5 26.Ng5 hxg4 27.Bxb7 Qe7 {#R} 0-1

[Event "It (w)"]
[Site "Aarhus (Denmark)"]
[Round "1"]
[White "Janus Elfi (GER)"]
[Black "Guindy Esmat (DEN)"]
[Result "1-0"]
[WhiteElo "2090"]
[BlackElo "2083"]

1.c4 c5 2.Nf3 Nc6 3.e3 e6 4.b3 Nf6 5.Bb2 b6 6.Be2 Be7 7.O-O O-O 8.d3 Bb7 9.e4
d6 10.Nc3 Ne8 11.d4 cxd4 12.Nxd4 Nxd4 13.Qxd4 Bf6 14.Qd3 Qe7 15.Bf3 Rd8
16.Rfe1 Qd7 17.Rad1 Be7 18.e5 Bxf3 19.Qxf3 Qc8 20.Nb5 Rd7 21.exd6 Nxd6 22.Nxd6
Rxd6 23.Qg3 e5 24.Qxe5 {#r} 1-0

[Event "It"]
[Site "Karl-Marx-Stadt (Germany)"]
[Round "0"]
[White "Mirschinka Dirk Dr (GER)"]
[Black "Womacka Mathias (GER)"]
[Result "0-1"]
[WhiteElo "2227"]
[BlackElo "2441"]

1.c4 c5 2.g3 Nf6 3.Bg2 d5 4.cxd5 Nxd5 5.Nf3 Nc6 6.O-O e5 7.d3 Be7 8.Nc3 Be6
9.Ng5 Bxg5 10.Bxd5 Bxd5 11.Bxg5 Qxg5 12.Nxd5 Qd8 13.Nc3 O-O 14.Rc1 Qd7 15.Qa4
Rfd8 16.Qe4 Rac8 17.Rfd1 Kh8 18.Kg2 f6 19.Qa4 b6 20.h3 Qb7 21.Qe4 Rd4 22.Qf3
Qf7 23.Nb5 Rdd8 24.b3 a6 25.Nc3 f5 26.Na4 Nd4 27.Qe3 Re8 28.f3 f4 29.Qe4 Nf5
30.g4 Nd6 {#R} 0-1

[Event "It (open) "]
[Site "Budapest (Hungary)"]
[Round "0"]
[White "Molnar Zoltan (HUN)"]
[Black "Dovzik Juri (UKR)"]
[Result "0-1"]
[WhiteElo "2165"]
[BlackElo "2278"]

1.c4 c5 2.e4 Nc6 3.Ne2 Nf6 4.f3 e6 5.a3 d5 6.cxd5 exd5 7.exd5 Nxd5 8.Nbc3 Be7
9.Nxd5 Qxd5 10.Nc3 Qd4 11.Bb5 O-O 12.Bxc6 bxc6 13.Ne2 Bh4+ 14.g3 Re8 15.gxh4
Ba6 16.Kf1 Qd3 17.Kg2 Rxe2+ 18.Kg3 Qd6+ 19.f4 Qg6+ 20.Kf3 Qg2# 0-1

[Event "Cup Yugoslavia"]
[Site "Pula (Croatia)"]
[Round "3"]
[White "Konjevic Djordje (MNE)"]
[Black "Zakic Srdjan (SRB)"]
[Result "0-1"]
[WhiteElo "2324"]
[BlackElo "2346"]

1.c4 c5 2.Nc3 b6 3.Nf3 Bb7 4.g3 g6 5.Bg2 Bg7 6.O-O Nf6 7.b3 d5 8.cxd5 Nxd5
9.Bb2 Nc6 10.a3 O-O 11.Ra2 Nd4 12.Nxd4 cxd4 13.Nxd5 Bxd5 14.e4 Bb7 15.b4 Qd7
16.Qb3 a5 17.a4 Rfc8 18.b5 Rc7 19.f4 Rac8 20.Raa1 d3 21.e5 Bxg2 22.Kxg2 Rc2
23.Rf2 R8c4 24.Bc3 Qd5+ 25.Kg1 e6 26.h4 Bf8 27.Rg2 Qe4 {#R} 0-1

[Event "It (open)"]
[Site "Zuerich (Switzerland)"]
[Round "0"]
[White "Eidinger Helmut (SUI)"]
[Black "Benz Rolf (SUI)"]
[Result "1-0"]
[WhiteElo "2011"]
[BlackElo "2179"]

1.c4 c5 2.Nf3 Nc6 3.d4 cxd4 4.Nxd4 e6 5.Nc3 Bb4 6.Nb5 Nge7 7.a3 Bxc3+ 8.Nxc3
O-O 9.e4 Ng6 10.Be3 b6 11.Be2 Bb7 12.O-O Nce7 13.f4 d6 14.f5 exf5 15.exf5 Nh4
16.Bg5 Nxg2 17.f6 Ng6 18.Bf3 Bxf3 19.Qxf3 N2h4 20.Qg3 Qc8 21.Bxh4 Qc5+ 22.Rf2
Rfe8 23.Nd5 {#r} 1-0

[Event "It (open)"]
[Site "Bad Mondorf (Germany)"]
[Round "0"]
[White "Schaller Sven (GER)"]
[Black "Oei Hway Ik (NED)"]
[Result "0-1"]
[WhiteElo "2289"]
[BlackElo "2081"]

1.c4 c5 2.Nc3 Nf6 3.g3 e6 4.Nf3 b6 5.Bg2 Bb7 6.O-O Be7 7.d4 cxd4 8.Qxd4 d6
9.Rd1 a6 10.Bg5 Nbd7 11.Rac1 Qc7 12.b3 O-O 13.Rc2 Rac8 14.e4 Rfd8 15.Ne1 Ba8
16.Bc1 Qb8 17.Bb2 b5 18.cxb5 axb5 19.Rdc1 Bf8 20.Nd3 Nc5 21.b4 Ncd7 22.Nb1
Rxc2 23.Rxc2 Ng4 24.Nd2 Nb6 25.a3 Na4 26.Ba1 e5 {#R} 0-1

[Event "It (active) (b)"]
[Site "Hungary"]
[Round "3"]
[White "Videki Sandor (HUN)"]
[Black "Portisch Lajos (HUN)"]
[Result "0-1"]
[WhiteElo "2355"]
[BlackElo "2570"]

1.c4 c5 2.Nf3 b6 3.d4 cxd4 4.Nxd4 Bb7 5.f3 e6 6.e4 Bc5 7.Nc3 Nc6 8.Be3 Nge7
9.Be2 O-O 10.O-O d5 11.cxd5 exd5 12.exd5 Nxd5 13.Nxd5 Qxd5 14.Nc2 Bxe3+
15.Nxe3 Qc5 16.Qc1 Nd4 17.Bd3 Qa5 18.Ng4 Qd5 19.Qc4 Qd6 20.Rad1 Rfd8 21.Be4
Rac8 22.Qd3 Bxe4 23.fxe4 Qe6 24.Qh3 Rc2 25.Rd3 h5 26.Nf2 Qxh3 27.Rxh3 Rxb2
{#R} 0-1

[Event "It (active)"]
[Site "Oviedo (Spain)"]
[Round "0"]
[White "Bermejo Collado Julian (ESP)"]
[Black "Kovacevic Slobodan (SRB)"]
[Result "0-1"]
[WhiteElo "2316"]
[BlackElo "2302"]

1.c4 c5 2.g3 Nf6 3.Bg2 e6 4.Nf3 Qc7 5.O-O a6 6.Nc3 d6 7.d3 Be7 8.a3 b6 9.b4
Nbd7 10.Rb1 Rb8 11.Bd2 O-O 12.Qc2 Bb7 13.Rfc1 Rfc8 14.Qa4 Qd8 15.Ne1 Qc7
16.Na2 h6 17.bxc5 Nxc5 18.Qd1 Bxg2 19.Nxg2 Nfd7 20.Nb4 Qa7 21.Bf4 Ra8 22.d4
Ne4 23.f3 Ng5 24.Be3 a5 25.Nd3 Nh7 26.Rb5 Nhf6 27.Ngf4 Rc7 28.Qb3 Rac8 29.d5
e5 30.Nh3 {#R} 0-1

[Event "Ch Ukraine (team)"]
[Site "Simferopol (Russia)"]
[Round "36"]
[White "Rotstein Arkadij (GER)"]
[Black "Klimenko Sergey (UKR)"]
[Result "1-0"]
[WhiteElo "2507"]
[BlackElo "2429"]

1.c4 c5 2.Nf3 Nc6 3.d4 cxd4 4.Nxd4 g6 5.g3 Bg7 6.Nc2 Qa5+ 7.Bd2 Qc5 8.Nc3 Qxc4
9.Ne3 Qc5 10.Ned5 Be5 11.f4 Bb8 12.Rc1 e6 13.b4 Qd6 14.Ne3 a6 15.Nc4 Qc7
16.Be3 b5 17.Nb6 Ra7 18.Ne4 Bb7 19.Bc5 Qd8 20.Qd6 Nce7 21.Qd4 d6 22.Qxh8 Bxe4
23.Bd4 Bxh1 24.Rc8 Nxc8 25.Qxg8+ Ke7 26.Bf6+ Kxf6 27.Qxd8+ {#r} 1-0

[Event "It (open)"]
[Site "Los Angeles (USA)"]
[Round "0"]
[White "Robinson Richard (BER)"]
[Black "Margulis Isaak (USA)"]
[Result "1-0"]
[WhiteElo "2082"]
[BlackElo "2072"]

1.c4 c5 2.b3 Nc6 3.Bb2 e5 4.Nc3 g6 5.g3 Bg7 6.Bg2 Nge7 7.e3 O-O 8.Nge2 d6
9.O-O Be6 10.Ne4 h6 11.d3 Qd7 12.Qd2 f5 13.N4c3 g5 14.f4 Rf7 15.Nd5 Ng6 16.d4
gxf4 17.Ndxf4 exf4 18.d5 fxe3 19.Qxe3 f4 20.Qxe6 f3 21.Qxg6 Ne7 22.Qe6 Nf5
23.Qxd7 Rxd7 24.Bxg7 {#r} 1-0

[Event "Ch Ireland (seniors)"]
[Site "Ireland"]
[Round "5"]
[White "Palmer Bernard (IRL)"]
[Black "O'leary Matt (IRL)"]
[Result "1-0"]
[WhiteElo "2009"]
[BlackElo "2053"]

1.c4 c5 2.Nf3 Nc6 3.d4 cxd4 4.Nxd4 e6 5.Nc3 Be7 6.g3 Bf6 7.Ndb5 d5 8.cxd5 a6
9.dxc6 axb5 10.Qxd8+ Bxd8 11.Bg2 Rb8 12.Bf4 {#r} 1-0

[Event "It (cat.4)"]
[Site "Policka (Czech Republic)"]
[Round "0"]
[White "Hausner Ivan (CZE)"]
[Black "Votava Jan (CZE)"]
[Result "1-0"]
[WhiteElo "2410"]
[BlackElo "2521"]

1.c4 c5 2.g3 Nc6 3.Bg2 d6 4.Nf3 Qd7 5.d4 b6 6.d5 Ne5 7.Nxe5 dxe5 8.Nc3 Bb7
9.O-O g6 10.a4 Bg7 11.a5 Nf6 12.Qb3 O-O 13.axb6 a6 14.Ra5 Qd6 15.Be3 Nd7
16.Na4 Rfc8 17.Qa3 {#r} 1-0

[Event "Cup European Club"]
[Site "Clichy (France)"]
[Round "0"]
[White "Chernin Alexander (HUN)"]
[Black "Huebner Robert Dr (GER)"]
[Result "1-0"]
[WhiteElo "2615"]
[BlackElo "2605"]

1.c4 c5 2.Nf3 Nf6 3.Nc3 e6 4.g3 b6 5.Bg2 Bb7 6.O-O Be7 7.d4 cxd4 8.Qxd4 d6
9.Rd1 a6 10.b3 Nbd7 11.Bb2 O-O 12.e4 Qc7 13.Qe3 Rfe8 14.Nd4 Rac8 15.h3 Bf8
16.Qd2 Qb8 17.Re1 Qa8 18.Re3 g6 19.Qe1 Bg7 20.Rd1 Nc5 21.Ba1 Rcd8 22.Re2 h5
23.Nc2 d5 24.exd5 exd5 25.cxd5 Nxd5 26.Nxd5 Bxd5 27.Rxd5 Rxd5 28.Nb4 {#r} 1-0

[Event "Cup 4 Laender (w)"]
[Site "Germany"]
[Round "0"]
[White "Lematschko Tatjana (SUI)"]
[Black "Borek Jutta (AUT)"]
[Result "1-0"]
[WhiteElo "2185"]
[BlackElo "2050"]

1.c4 c5 2.Nc3 Nf6 3.g3 e6 4.Nf3 b6 5.Bg2 Bb7 6.O-O Be7 7.Re1 O-O 8.e4 d6 9.d4
cxd4 10.Nxd4 Qc8 11.Be3 Nc6 12.b3 Nxd4 13.Bxd4 e5 14.Be3 Ng4 15.Bh3 f5 16.Nd5
Bxd5 17.Qxd5+ Kh8 18.Qd1 Nxe3 19.Rxe3 g6 20.Rf3 Qc6 21.exf5 e4 22.Re3 gxf5
23.Qh5 Qc5 24.Rd1 Qe5 25.Rd5 Qa1+ 26.Kg2 f4 27.gxf4 Rxf4 28.Bf5 Rxf5 29.Rxf5
{#r} 1-0

[Event "NRW-liga (juniors) 1993/94"]
[Site "NRW (Germany)"]
[Round "0"]
[White "Kniest Oliver (GER)"]
[Black "Dinstuhl Burghard (GER)"]
[Result "1-0"]
[WhiteElo "2295"]
[BlackElo "2325"]

1.c4 c5 2.Nf3 b6 3.g3 Bb7 4.Bg2 Nf6 5.O-O e6 6.Nc3 Be7 7.Re1 d6 8.e4 Nbd7 9.d4
cxd4 10.Nxd4 a6 11.e5 dxe5 12.Bxb7 exd4 13.Bxa8 dxc3 14.Bg2 cxb2 15.Bxb2 Qc7
16.Rc1 O-O 17.Qf3 Qc5 18.Re3 Qa5 19.Ba3 Nc5 20.Rd1 Qa4 21.Qe2 Re8 22.h3 Nfd7
23.Bb2 Nf6 24.Be5 Nfd7 25.Ra3 Qb4 26.Qc2 a5 27.Re3 a4 28.Bc3 {#r} 1-0

[Event "It (open)"]
[Site "Cannes (France)"]
[Round "0"]
[White "Dorfman Iossif D (FRA)"]
[Black "Varga Zoltan (HUN)"]
[Result "1-0"]
[WhiteElo "2555"]
[BlackElo "2475"]

1.c4 c5 2.Nf3 Nc6 3.d4 cxd4 4.Nxd4 Qb6 5.Nb3 Nf6 6.Nc3 e6 7.Bg5 Bb4 8.Bxf6
gxf6 9.Rc1 Ne5 10.e3 Be7 11.c5 Bxc5 12.Nxc5 Qxc5 13.Nb5 Qb4+ 14.Rc3 O-O 15.a3
Qe7 16.Nd6 Rb8 17.f4 Ng6 18.h4 Rd8 19.h5 Nf8 20.Rh3 Kh8 21.Rg3 f5 22.Nxf7+
{#r} 1-0

[Event "It (cat.7)"]
[Site "Budapest (Hungary)"]
[Round "0"]
[White "Csom Istvan (HUN)"]
[Black "Eriksson Anders (SWE)"]
[Result "1-0"]
[WhiteElo "2405"]
[BlackElo "2315"]

1.c4 c5 2.b3 Nc6 3.Bb2 e5 4.Nc3 g6 5.g3 Bg7 6.Bg2 Nge7 7.d3 O-O 8.e3 d6 9.Nge2
Rb8 10.Qd2 Bg4 11.O-O Qd7 12.Rfe1 a6 13.Nd5 Nxd5 14.cxd5 Ne7 15.d4 exd4
16.exd4 Bxe2 17.Rxe2 Nf5 18.dxc5 dxc5 19.Bxg7 Kxg7 20.Bh3 b6 21.Rd1 Rbd8
22.Qb2+ Kg8 23.d6 Rfe8 24.Bxf5 Qxf5 25.Rxe8+ Rxe8 26.d7 Rd8 27.Qe2 Kg7 28.Qe8
Qf6 29.Re1 {#r} 1-0